La fontana arcaica di "Tusculum": idee per la conservazione = (Record no. 193138)

MARC details
000 -LEADER
campo de control de longitud fija 02133nam a2200469 i 4500
001 - NÚMERO DE CONTROL
campo de control 193138
003 - IDENTIFICADOR DE NÚMERO DE CONTROL
campo de control SpMaBN
005 - FECHA Y HORA DE LA ÚLTIMA TRANSACCIÓN
campo de control 20240708063028.0
007 - CAMPO FIJO DE DESCRIPCIÓN FÍSICA--INFORMACIÓN GENERAL
campo de control de longitud fija ta
008 - DATOS DE LONGITUD FIJA--INFORMACIÓN GENERAL
campo de control de longitud fija 230824s2003 sp | o||| ||spa
016 7# - NÚMERO DE CONTROL DE UNA AGENCIA BIBLIOGRÁFICA NACIONAL
Número de control del registro bimoBNE20030799173
Fuente SpMaBN
017 ## - NÚMERO DE COPYRIGHT O DE DEPÓSITO LEGAL
Número de copyright o de depósito legal VA 613-2003
Agencia que asigna Oficina Depósito Legal Valladolid
020 ## - NÚMERO INTERNACIONAL ESTÁNDAR DEL LIBRO
Número Internacional Estándar del Libro 8484482340
035 ## - NÚMERO DE CONTROL DEL SISTEMA
Número de control de sistema (OCoLC)53143808
035 ## - NÚMERO DE CONTROL DEL SISTEMA
Número de control de sistema bimo0001884220
040 ## - FUENTE DE CATALOGACIÓN
Centro catalogador/agencia de origen SpMaBN
Lengua de catalogación spa
Centro/agencia transcriptor SpMaBN
Normas de descripción rdc
Centro/agencia modificador ES-MaACL
080 ## - NÚMERO DE LA CLASIFICACIÓN DECIMAL UNIVERSAL
Número de la Clasificación Decimal Universal 725.948.025.4(450.621)(060.64)
080 ## - NÚMERO DE LA CLASIFICACIÓN DECIMAL UNIVERSAL
Número de la Clasificación Decimal Universal 904(450.621):7.032(37)(060.64)
245 13 - MENCIÓN DEL TÍTULO
Título La fontana arcaica di "Tusculum": idee per la conservazione =
Resto del título La fuente arcaica de "Tusculum": ideas para su conservación : Roma, 10-24 de julio de 2003
Mención de responsabilidad, etc. [comisarios], Javier Rivera Blanco, Xavier Dupré Raventós ; organizan, Instituto Español de Arquitectura (UVa) ... [et al.] ; colaboran, Embajada de España en Italia ... [et al.]
246 31 - FORMA VARIANTE DEL TITULO
Título propio/Titulo breve La fuente arcaica de "Tusculum": ideas para su conservación
246 14 - FORMA VARIANTE DEL TITULO
Título propio/Titulo breve Tusculum
260 ## - PUBLICACIÓN, DISTRIBUCIÓN, ETC.
Lugar de publicación, distribución, etc. Valladolid :
Nombre del editor, distribuidor, etc. Universidad de Valladolid,
Fecha de publicación, distribución, etc. 2003
300 ## - DESCRIPCIÓN FÍSICA
Extensión XV, 134 p. :
Otras características físicas il. col. y n. ;
Dimensiones 26 cm
336 ## - TIPO DE CONTENIDO
Fuente rdacontent
Término de tipo de contenido Texto
337 ## - TIPO DE MEDIO
Fuente rdamedia
Nombre/término del tipo de medio sin mediación
338 ## - TIPO DE SOPORTE
Fuente rdacarrier
Nombre/término del tipo de soporte volumen
500 ## - NOTA GENERAL
Nota general Catalogación provisional. Signatura: N 8626. Depósito J.
504 ## - NOTA DE BIBLIOGRAFÍA, ETC.
Nota de bibliografía, etc. Incluye referencias bibliográficas
650 #7 - PUNTO DE ACCESO ADICIONAL DE MATERIA--TÉRMINO DE MATERIA
Término de materia o nombre geográfico como elemento de entrada Fuentes
Subdivisión general Restauración
Subdivisión geográfica Roma (Provincia)
Subdivisión de forma Exposiciones
Fuente del encabezamiento o término embne
9 (RLIN) 234042
651 #7 - PUNTO DE ACCESO ADICIONAL DE MATERIA--NOMBRE GEOGRÁFICO
Nombre geográfico Túsculo (Ciudad desaparecida)
Subdivisión de forma Exposiciones
Fuente del encabezamiento o término embne
9 (RLIN) 234043
700 0# - ENTRADA AGREGADA--NOMBRE PERSONAL
Nombre de persona Rivera Blanco, José Javier,
Fechas asociadas al nombre 1954-
9 (RLIN) 97637
700 1# - ENTRADA AGREGADA--NOMBRE PERSONAL
Nombre de persona Dupré Raventós, Xavier,
Fechas asociadas al nombre 1956-2006
9 (RLIN) 234044
710 2# - ENTRADA AGREGADA--NOMBRE DE ENTIDAD CORPORATIVA
Nombre de entidad corporativa o nombre de jurisdicción como elemento de entrada Instituto Español de Arquitectura
9 (RLIN) 234045
852 ## - LOCALIZACIÓN
Ubicación ES-MaACL
itemnumber 200457
Sublocalización o colección R.153111
Número de control de estantería N-8626
Ubicación en estantería Depósito J
Donativo/Legado Donación: Universidad de Alcala
Nota libre En proceso
914 ## - NOMBRE ENTIDAD DE DONANTE
RLIN 7135
Nombre de congreso/reunión o jurisdicción como elemento de entrada Universidad de Alcalá de Henares
Unidad subordinada Donante
942 ## - ELEMENTOS DE ENTRADA SECUNDARIOS (KOHA)
Suprimir en OPAC No
Tipo de ítem Koha Libro impreso
Holdings
Estatus retirado Estado de pérdida Fuente del sistema de clasificación o colocación Estado de daño No para préstamo Biblioteca de origen Biblioteca actual Ubicación en estantería Fecha de adquisición Fuente de adquisición Total de préstamos Signatura topográfica completa Código de barras Visto por última vez Precio de reemplazo Tipo de ítem Koha
    Clasificación decimal universal     Biblioteca del Ateneo de Madrid Biblioteca del Ateneo de Madrid Depósito J 06/06/2021 Donación   N-8626 101205751 24/08/2023 24/08/2023 Libro impreso